Timber frame buildings (Record no. 105036)

MARC details
000 -LEADER
fixed length control field 01055cam a2200217 4500
001 - CONTROL NUMBER
control field ##L132143
008 - FIXED-LENGTH DATA ELEMENTS--GENERAL INFORMATION
fixed length control field 060113n2005 000 0 eng u
020 ## - INTERNATIONAL STANDARD BOOK NUMBER
International Standard Book Number 186081882X
035 ## - SYSTEM CONTROL NUMBER
System control number (Sirsi) u132143
041 0# - LANGUAGE CODE
Language code of text/sound track or separate title eng
050 04 - LIBRARY OF CONGRESS CALL NUMBER
Classification number 694.01 $2 18
100 1# - MAIN ENTRY--PERSONAL NAME
Personal name Reynolds, Tim
245 00 - TITLE STATEMENT
Title Timber frame buildings
Remainder of title aguide to the construction process
260 ## - PUBLICATION, DISTRIBUTION, ETC.
Place of publication, distribution, etc. Watford
Name of publisher, distributor, etc. BRE
Date of publication, distribution, etc. 2005
300 ## - PHYSICAL DESCRIPTION
Extent 12p.
Other physical details ill
Dimensions 30cm.
490 #0 - SERIES STATEMENT
Series statement BRE Digest
Volume/sequential designation 496
520 ## - SUMMARY, ETC.
Summary, etc. Timber frame building is a modern and versatile method of construction. It has many advantages over other building methods that are summarised and supported by case studies in this digest. Among them are fast erection and a reduction in the overall build programme, risk of delay, site storage requirements and waste. An outline of the procurement and construction process, together with a technical description of timber frame construction is also provided.
690 ## - LOCAL SUBJECT ADDED ENTRY--TOPICAL TERM (OCLC, RLIN)
Topical term or geographic name as entry element UILT ENVIRONMENT-BUILDING ELEMENTS-COMPLETE BUILDING ELEMENTS-FRAMES
700 1# - ADDED ENTRY--PERSONAL NAME
Personal name Enjily, Vahik
942 ## - ADDED ENTRY ELEMENTS (KOHA)
Suppress in OPAC 0
Holdings
Withdrawn status Lost status Source of classification or shelving scheme Damaged status Not for loan Home library Current library Shelving location Date acquired Total Checkouts Full call number Barcode Date last seen Date last checked out Copy number Price effective from Koha item type
    Dewey Decimal Classification     London London BRE publications 13/01/2006 8 ENQUIRY DESK 30071582 06/08/2019 26/10/2007 1 06/08/2019 Book